Kampung boy : yesterday & today
| Main Author: | |
|---|---|
| Format: | Book |
| Language: | Malay |
| Published: |
Kuala lumpur :
Berita Publishing ,
2008
|
| Subjects: |
MARC
| LEADER | 00000cam a2200000 7i4500 | ||
|---|---|---|---|
| 001 | 0000018921 | ||
| 005 | 20090518.0 | ||
| 008 | 090518s my a may | ||
| 020 | |a 9789679693072 , |c RM16.90 | ||
| 040 | |a INS | ||
| 090 | 0 | 0 | |a NC1320 |b L38 2008 |
| 100 | 0 | |a Lat |c 1951- | |
| 245 | 1 | 0 | |a Kampung boy : |b yesterday & today |c Lat |
| 260 | |a Kuala lumpur : |b Berita Publishing , |c 2008 | ||
| 300 | |b ill. ; |c 21cm. | ||
| 650 | 0 | |a Caricatures and cartoons | |
| 651 | 0 | |a Malaysia |x Rural conditions |x Caricatures and cartoons | |
| 999 | |a 0000020791 |b BOOK |c Open Shelf |e Default branch | ||